00306nam a22001097a 4500082001700000100002600017245007400043260004300117300001100160563000800171650001700179 a340.076bPAD aPadyar, Ch. Sabar Ali aLaw GAT 2023:bIncluding All Bare Acts & MCQS /cCh. Sabar Ali Padyar aLahore :bIrfan Law Book House,c2024. a728 p. aPB. aLaw, Law GAT